000 00715nas a2200241 i 4500
001 2161
003 ES-MaACL
005 20250809062534.0
007 t|
008 950801c1903 it | | 1 ||ta d
080 _a45
245 0 0 _aRivista del diritto commerciale e del diritto generale delle obbligazioni.
260 _aMilano, etc :
_bDottor Francesco Vallardi,
_c1903- (
_fSoc. Editrice Libraria)
300 _a7 v. ;
_c24 cm.
310 _aMensual
362 0 _aV. I (1903)-
650 1 7 _aDerecho
_2embne
_911602
700 1 _aSraffa, A.,
_edir.
_9227629
700 1 _aVivante, C.,
_edir.
_9227630
852 _aES-MaACL
_jHEM-D-153
_xHem-1354
_d
866 0 _o1932-34(1935).
999 _c2161
_d2161